000 00257nam a22001097a 4500
008 240711b |||||||| |||| 00| 0 eng d
100 _aTabya, Tulsidas
_916891
245 _aRamayan
260 _bTulsidas Jalriya Pub;
_c1968.
300 _a936p.
942 _cBK
999 _c40046
_d40046